LDR 01215naa#a2200193#i#450# 001 RU\\bibl\121895 005 20260430034507.4 011 ## _a2072-9502 100 ## _a20260427b2026####ek#y0rusy0150####ca 102 ## _aRU 200 1# _aПолнотекстовый русскоязычный поиск в распределенном хранилище патентной информации _eЖурнальная статья 210 1# _aАстрахань _cАстраханский государственный технический университет _d2026 215 ## _a11 с. 608 ## _aЖурнальная статья _2local 675 ## _aИндустриальная (промышленная, научная) собственность и право собственности. Патентное право и право на товарный знак. Регистрация промышленных образцов, проектов, наименований и пр.. 347.77 _z 700 #1 _aКоробкин _gДмитрий Михайлович 700 #1 _aФоменков _gСергей Алексеевич 700 #1 _aБобунов _gАртем Владимирович 856 4# _avestnik.astu.org _u